Elektrotechnika 15 : Elektrické přístroje. Díl 1

Saved in:
Bibliographic Details
Main Authors: Bauer, Karel (Author), List, Vladimír (Author)
Format: Book
Language:Czech
Published: Praha : SNTL, 1964
Edition:1. vyd.
Tags: Add Tag
No Tags, Be the first to tag this record!

MARC

LEADER 00000nam a22000003a 4500
001 stu53310
005 20150617225702.6
008 000427s1964----cs------------------cze-d
040 |a STU  |b slo 
041 0 |a cze 
044 |a cs 
080 |a 621.316.5 
100 1 |a Bauer, Karel  |4 aut 
245 1 |a Elektrotechnika 15 :  |b Elektrické přístroje. Díl 1 
250 |a 1. vyd. 
260 |a Praha :  |b SNTL,  |c 1964 
300 |a 410 s 
700 1 |a List, Vladimír  |4 aut 
996 |b 284EK04146  |c E*5508  |l EE0101  |s P  |a 0  |w stu53310_0001 
996 |b 284EK04147  |c E*13983  |l EE01  |s A  |a 24  |w stu53310_0002